Lucky Charms Shapes Quiz Stats

 Plays Quiz Updated Sep 12, 2018

Score 0/8 Timer 02:00
2 Plays Today
% Correct
Clovers
88.6%
Hearts
83.3%
Rainbows
79.6%
Blue Moons
70.6%
Horseshoes
70.4%
Balloons
68.5%
Shooting Stars
29.3%
Hourglass
14.8%

You're not logged in!

Compare scores with friends on all Sporcle quizzes.
OR
Log In

Show Comments

Extras

Top Quizzes Today


Score Distribution

Your Account Isn't Verified!

In order to create a playlist on Sporcle, you need to verify the email address you used during registration. Go to your Sporcle Settings to finish the process.

Report this User

Report this user for behavior that violates our Community Guidelines.

Details: